000 00339nam a2200145Ia 4500
005 20250526032538.0
008 240331s9999 xx 000 0 und d
082 _bJAY
_a302
100 _aJayasundara, T
245 0 _aCinema satahan
260 _aKandy
_bSampath printing press
_c1994
300 _a39 p .,
650 _aCinema
942 _cL
999 _c1401
_d1401